Estatísticas para Países que começam com M

Clique aqui para jogar o quiz

Estatísticas Gerais

  • Esse quiz foi jogado 52 vezes
  • A pontuação média é 12 de 19

Estatísticas das Respostas

HintResposta% Correto
4.México
92%
7.Marrocos
88%
2.Mauritânia
76%
10.Macedónia do Norte
74%
11.Madagáscar
74%
12.Malásia
68%
17.Mónaco
68%
18.Mongólia
66%
13.Mali
64%
3.Maurícia
64%
8.Malawi
62%
1.Maldivas
62%
16.Moldávia
60%
5.Moçambique
58%
6.Malta
56%
14.Mianmar
54%
19.Montenegro
54%
15.Micronésia
52%
9.Marshall
28%

Distribuição das Pontuações

Percentil de Números Respondidos

Porcentagem de Pessoas com Cada Pontuação

Sua Pontuação Histórica

Você não jogou esse quiz